| 000 | 00381nam a2200157 4500 | ||
|---|---|---|---|
| 008 | 190319s1993||||xo d | ||
| 100 | 1 |
_aAlexová Sabine _9966 |
|
| 245 | 1 | 0 | _aNechaj ma, chcem sa ucit sám 2 |
| 250 | _a2. vydanie | ||
| 260 |
_bSPN _aBratislava _c1993 |
||
| 300 | _a126 s. | ||
| 020 |
_a80-08-02235-3 _c0 |
||
| 041 | 1 | _aslo | |
| 044 |
_axo _cSK |
||
| 958 | _aAPR | ||
| 999 |
_c22227 _d22227 |
||